000 00460nam a2200169Ia 4500
008 210210b1983 xxu||||| |||| 00| 0 eng d
041 _aeng
082 _a575.1 INDG
100 _aINDIAN COUNCIL OF AGRICULTURAL RESEARCH
245 _aGenetical research in India: XV international congress of genetics
250 _a
260 _aNew Delhi
_bICAR
_c1983
300 _ax,358
650 _aGenetical Research India
690 _aGenetics
906 _a046467
999 _c95880
_d95880